Ramón d'Abadal entre la ciudad y el campo / por Jordi Rubió i Lois
Publicado:
San Jorge, núm. 77 (1r trimestre 1970), pàg 20 - 21 :
Materias:
Abadal, Ramon d'
MARC
| LEADER | 00000nam a2200000Ia 4500 | ||
|---|---|---|---|
| 001 | |||
| 008 | 160829s9999 xx 000 0 cat d | ||
| 100 | |a Rubió i Lois, Jordi |9 25594 | ||
| 245 | |a Ramón d'Abadal entre la ciudad y el campo / por Jordi Rubió i Lois | ||
| 260 | |a San Jorge, núm. 77 (1r trimestre 1970), pàg 20 - 21 | ||
| 650 | |a Abadal, Ramon d' | ||
| 901 | |a Arxiu | ||
| 942 | |n 1 | ||
| 952 | |0 0 |1 0 |4 0 |7 1 |9 49843 |a Arxiu |b Arxiu |d 2016-12-01 |l 0 |r 2016-12-01 00:00:00 |w 2016-12-01 |y ARXIU | ||
| 999 | |c 53685 |d 53685 | ||